000 00551nam a2200229Ia 4500
003 OSt
005 20221005123151.0
006 a|||||r|||| 00| 0
007 ta
008 221004b |||||||| |||| 00| 0 mal d
024 _a53002
037 _cTextual
040 _aCRL
_cCRL
_bmal
041 _2mal
_amal
082 _aJ97:4:5, 32L3
100 _aC.V.R
_9633256
245 0 _aKrizhiumkrighi kkaranum
260 _c1973
650 _aAGRICULTURE
942 _hJ97:4:5, 32L3
_cTEXL
_2cc
999 _c1046589
_d1046589